होमरकृत : (Record no. 117594)

MARC details
000 -LEADER
fixed length control field 01106nam a22002777a 4500
003 - CONTROL NUMBER IDENTIFIER
control field dpl
005 - DATE AND TIME OF LATEST TRANSACTION
control field 20181106175331.0
008 - FIXED-LENGTH DATA ELEMENTS--GENERAL INFORMATION
fixed length control field 181106b ||||| |||| 00| 0 eng d
010 ## - LIBRARY OF CONGRESS CONTROL NUMBER
LC control number B-104078
020 ## - INTERNATIONAL STANDARD BOOK NUMBER
Terms of availability 325.00
035 ## - SYSTEM CONTROL NUMBER
System control number B-104078
037 ## - SOURCE OF ACQUISITION
Source of stock number/acquisition BPPD/PUB
040 ## - CATALOGING SOURCE
Original cataloging agency DPL
Language of cataloging HN
Transcribing agency 0
082 ## - DEWEY DECIMAL CLASSIFICATION NUMBER
Classification number
Item number होमर
245 ## - TITLE STATEMENT
Title होमरकृत :
Statement of responsibility, etc अनुवादक रमेश चन्द्र सिन्हा
Remainder of title ओडिसी /
246 ## - VARYING FORM OF TITLE
Title proper/short title Homarkrit : Odissi /
Remainder of title anuvadak Ramesh Chandra Sinha
260 ## - PUBLICATION, DISTRIBUTION, ETC. (IMPRINT)
Place of publication, distribution, etc दिल्ली
Name of publisher, distributor, etc सारांश प्रकाशन
Date of publication, distribution, etc 2002
270 ## - ADDRESS
Address 142-ई, पॉकेट-4, मयूर विहार फेज-1
City दिल्ली
Postal code 110091
300 ## - PHYSICAL DESCRIPTION
Extent 324पृ.
Dimensions 20सेमी(सजिल्द)
650 ## - SUBJECT ADDED ENTRY--TOPICAL TERM
Topical term or geographic name as entry element हिन्दी साहित्य
9 (RLIN) 75607
650 ## - SUBJECT ADDED ENTRY--TOPICAL TERM
Topical term or geographic name as entry element हिन्दी -- कहानी
9 (RLIN) 779
650 ## - SUBJECT ADDED ENTRY--TOPICAL TERM
Topical term or geographic name as entry element Hindi literature
9 (RLIN) 75608
650 ## - SUBJECT ADDED ENTRY--TOPICAL TERM
Topical term or geographic name as entry element Hindi - Story
9 (RLIN) 43117
700 ## - ADDED ENTRY--PERSONAL NAME
Personal name सिन्हा, रमेश चन्द्र
9 (RLIN) 75609
942 ## - ADDED ENTRY ELEMENTS (KOHA)
Source of classification or shelving scheme Dewey Decimal Classification
Koha item type Hindi Books
Classification part
Call number suffix होमर
Holdings
Withdrawn status Lost status Damaged status Not for loan Home library Current library Date acquired Source of acquisition Cost, normal purchase price Total Checkouts Total Renewals Full call number Barcode Date last seen Date checked out Copy number Cost, replacement price Price effective from Koha item type Source of classification or shelving scheme Collection code
        Central Library Central Library 07/09/2015 Cen Lib/Ret 325.00 1 1 क होमर B-104063 02/05/2022 18/04/2022 1 325.00 07/09/2015 Hindi Books    
        Shahdara Branch Shahdara Branch 06/11/2018 BPPD/PUB 325.00     क होमर B-104078 06/11/2018     325.00 06/11/2018 Hindi Books Dewey Decimal Classification Fiction

© Delhi Public Library
Hit Counter
free hit counter